01119nam0a22002531 4500001001100000005001700011021001900028035002600047100004100073101000800114102000700122105001800129200027400147210006800421215003400489320003800523606006000561606008200621700007100703702003200774801001800806801002200824852001900846rc\314089420250530082830.0 aRUb[75-64624] a(NLR Aleph) 007318442 a20120615d1975 |||y0rusy50 ca0 arus aRU aab z |||||1 aЭкология почв и почвенные ресурсы Кемеровской областиfОтв. ред. д-р с.-х. наук, проф. Р.В. КовалевgАН СССР. Сиб. отд-ние. Ин-т почвоведения и агрохимии aНовосибирскcНаука. Сиб. отд-ниеd1975 a300 с.cил., карт.d22 aСписок лит.: с. 289-298 aПочвыyКемеровская область2psbo aПочвообразованиеyКемеровская область2psbo 1aТрофимовbС.С.f1919-gСергей Сергеевич 1aКовалевbР.В.4340 0aRUbNLRgpsbo 1aRUbELAR2rusmarc aNLRj75-5/3056